Comparative politics (Record no. 54561)

MARC details
000 -LEADER
campo de control de longitud fija 00616nam a22001695i 4500
001 - NÚMERO DE CONTROL
campo de control 54561
003 - IDENTIFICADOR DE NÚMERO DE CONTROL
campo de control ES-MaACL
005 - FECHA Y HORA DE LA ÚLTIMA TRANSACCIÓN
campo de control 20230906162957.0
007 - CAMPO FIJO DE DESCRIPCIÓN FÍSICA--INFORMACIÓN GENERAL
campo de control de longitud fija t|
008 - DATOS DE LONGITUD FIJA--INFORMACIÓN GENERAL
campo de control de longitud fija 960722s1873 xxk ||||1| eng d
040 ## - FUENTE DE CATALOGACIÓN
Centro catalogador/agencia de origen CAM
Lengua de catalogación spa
Centro/agencia transcriptor CAM
100 1# - ENTRADA PRINCIPAL--NOMBRE DE PERSONA
Nombre de persona Freeman, Edward Augustus.
9 (RLIN) 154765
245 10 - MENCIÓN DEL TÍTULO
Título Comparative politics
Resto del título : six lectures read before the Royal Institution in January and February 1873; with The unity of History ... /
Mención de responsabilidad, etc. by Edward A. Freeman.
260 ## - PUBLICACIÓN, DISTRIBUCIÓN, ETC.
Lugar de publicación, distribución, etc. London :
Nombre del editor, distribuidor, etc. Macmillan and co,
Fecha de publicación, distribución, etc. 1873 (
Fabricante printed by William Clowes and sons)
300 ## - DESCRIPCIÓN FÍSICA
Extensión VII, [2], 522 p. ;
Dimensiones 23 cm.
852 ## - LOCALIZACIÓN
Ubicación ES-MaACL
Número de control de estantería G-11489
Holdings
Estatus retirado Estado de pérdida Estado de daño No para préstamo Colección Biblioteca de origen Biblioteca actual Ubicación en estantería Fecha de adquisición Fuente de adquisición Total de préstamos Signatura topográfica completa Código de barras Visto por última vez Precio de reemplazo Tipo de ítem Koha
        Libros del s. XIX Biblioteca del Ateneo de Madrid Biblioteca del Ateneo de Madrid Sala Pecera Planta 3 17/01/2008     G-11489 1057333 23/02/2023 23/02/2023 Libro impreso antiguo